000 00753cam a2200217 a 4500
020 _a052146630X
040 _cDLC
082 0 0 _a428 CAM 1995 A024 Or.
100 1 _aRinvolucri, Mario.
245 1 0 _aMore grammar games :
_bcognitive, affective, and movement activities for EFL students /
260 _aCambridge [England] ;
_aNew York, NY :
_bCambridge University Press,
_c1995.
300 _axvi, 176 p. :
_bill. ;
_c25 cm.
650 0 _aEnglish language
650 0 _aEnglish language
650 0 _aActivity programs in education.
650 0 _aEducational games.
700 1 _aDavis, Paul,
856 4 2 _uhttp://www.loc.gov/catdir/description/cam026/95008448.html
856 4 1 _uhttp://www.loc.gov/catdir/toc/cam025/95008448.html
942 _cEK
999 _c15391
_d15391